000 00556cam a2200193 a 4500
001 sa 68008617
003 DLC
005 20260227112533.0
008 980925s1948 ii 000 0 mar
010 _asa 68008617
040 _aDLC
_cDLC
050 0 0 _aPK2418.B425
_bP3
100 1 _aBhoḷe, Vāsudeva Vāmana,
_d1893-
245 1 0 _aPañca kanyā :
_blaghukathāsaṅgraha /
_cVā. Vā. Bhoḷe.
260 _aNāgapūra :
_bSuvicāra Prakāśana Maṇdaḷa,
_c1948.
300 _a168 p. ;
_c19 cm.
546 _aIn Marathi.
500 _aShort stories.
999 _c82471
_d82471